000 00744nam a22002417i 4500
003 URS
005 20251001091318.0
008 180628s2003 ph ||||| |||| 00| 0 eng d
020 _a971-23-2438-9
040 _erda
_curs
_beng
050 1 4 _aKPM1744.A7
_b.D3778 2003
100 1 _aDe Leon, Hector S.
245 1 0 _aConstitution made simple /
_cby Hector S. De Leon.
250 _aSecond edition
264 1 _aManila :
_bpublished and distributed by Rex Book Store,
_c[date of publication not identified].
264 4 _ccopyright 2002
300 _axxxix, 304 pages ;
_c22 cm
336 _2rdacontent
_atext
337 _2rdamedia
_aunmediated
338 _2rdacarrier
_avolume
650 0 _aConstitutional law
_zPhilippines
942 _cR
_2lcc
999 _c72625
_d72624